| 000 | 01407nam0a22003131 4500 | ||
|---|---|---|---|
| 001 | rc\2374282 | ||
| 005 | 20110829160736.2 | ||
| 035 | _a(NLR Aleph) 006602176 | ||
| 090 |
_a7259570 _c7259570 |
||
| 100 | _a20110829d1976 |||y0rusy50 ca | ||
| 101 | 0 | _arus | |
| 102 | _aRU | ||
| 105 | _ay z ||||| | ||
| 200 | 1 |
_aВрачебно-трудовая экспертиза и принципы трудового устройства больных бронхиальной астмой _e(Метод. рекомендации для врачей ВТЭК) _fМСО УзССР. Узб. науч.-исслед. лаб. экспертизы трудоспособности и организации труда инвалидов |
|
| 210 |
_aТашкент _cБ. и. _d1976 |
||
| 215 |
_a23 с. _d20 |
||
| 300 | _aНа обороте тит. л. сост.: д. м. н. М.Ш. Мильман, к. м. н. С.М. Гриншпун, к. м. н. Ф.А. Байахмедов, к. м. н. Ж.З. Зильпер | ||
| 333 | _aДСП. Экз. № 996 | ||
| 702 | 1 |
_aБайахмедов _bФ. А. _4220 |
|
| 702 | 1 |
_aЗильпер _bЖ. З. _4220 |
|
| 702 | 1 |
_aГриншпун _bС. М. _4220 |
|
| 702 | 1 |
_aМильман _bМ. Ш. _4220 |
|
| 801 | 0 |
_aRU _bNLR _gpsbo |
|
| 801 | 1 |
_aRU _bELAR _2rusmarc |
|
| 852 |
_aNLR _j76-50к/6293 |
||
| 899 |
_aRuMoRGB _jДСП |
||
| 899 |
_aRuMoRGB _j23 9565 |
||
| 942 | _cBOOK | ||
| 980 | _aNB | ||